000 00578nam a22001937a 4500
999 _c6278
_d6278
003 AR-CdUCM
008 190314b ||||| |||| 00| 0 spa d
040 _aMUNICIPALIDAD PROVINCIAL DEL CUSCO
_cBIBLIOTECA MUNICIPAL DEL CUSCO
082 _a869.56 /
_bH96
100 _aHurtado de Mendoza, William
_918029
245 _aMateo Llaqta /
260 _aLima :
_bLluvia Editores ;
_c1987.
300 _a144 páginas ;
_c21cm
505 _aContenido: Poesía
650 _aPoesía cusqueña
_92323
650 _aLiteratura cusqueña
_910596
942 _2ddc
_cLIBROS
945 _anom